|
|
|
|
| LEADER |
00000cam a2200000 7i4500 |
| 001 |
0000083113 |
| 005 |
20140623093000.0 |
| 008 |
130520s2012 nyu eng |
| 020 |
|
|
|a 1848850670 (hardback : alk. paper)
|
| 020 |
|
|
|a 9781848850675 (hardback : alk. paper)
|
| 050 |
0 |
0 |
|a d40 KNC105
|b .L56 2012
|
| 090 |
0 |
0 |
|a d40 KNC105
|b .L56 2012
|
| 100 |
1 |
|
|a Lindsey, Timothy ,
|d 1962- ,
|e author
|
| 245 |
1 |
0 |
|a Islam, law and the state in Southeast Asia Volume 3
|c Tim Lindsey, Kerstin Steiner
|
| 260 |
|
|
|a New York :
|b I.B Tauris ,
|c c2012
|
| 300 |
|
|
|a xxviii, 548 p. :
|b ill. ;
|c 25 cm.
|
| 490 |
1 |
|
|a Islam, law and the state in Southeast Asia
|
| 504 |
|
|
|a Includes bibliographical references and index
|
| 505 |
0 |
|
|a 1. Malaysia and Brunei
|
| 520 |
|
|
|a Southeast Asia has the world's largest Muslim population - Indonesia alone is home to more Muslims than the entire Middle East - yet nowhere in the region has a theocratic government emerged. Instead, Southeast Asian Islam is characterized by heterodox local traditions
|
| 650 |
|
0 |
|a Islam and politics
|z Southeast Asia
|
| 650 |
|
0 |
|a Islamic law
|z Southeast Asia
|
| 650 |
|
0 |
|a Muslims
|x Legal status, laws, etc.
|z Southeast Asia
|
| 700 |
1 |
|
|a Steiner, Kerstin ,
|e author
|
| 999 |
|
|
|a 1000157236
|b Book
|c OPEN SHELF (30 DAYS)
|e Gong Badak Campus
|